LEADER 00840nam a2200205 i 4500 001 000000153057 003 CaOOAMICUS 005 20060912000000.0 008 060912s1953 it u000 u ita u 013 $a130398 040 $aSeMil$bita 100 1 $aBellonzi, Fortunato.$0(OLS)http://semarc/name/34915 245 10$aAntonio Mancini /$cFortunato Bellonzi ; con un saggio sulla vita e la cultura di A. M. in nuovi documenti di Costanza Lorenzetti. 260 $aRoma :$bDe Luca,$c1953. 300 $a27 p., [17] p. di tav. ;$c25 cm. 700 1 $aLorenzetti, Costanza.$0(OLS)http://semarc/name/59928 850 $aSeMil 852 $aSeMil$W1$xVenegono$y1$m5K VI 46$j105001$B105001$CSeMilBibl$Z2$F114260 $81 996 $6245$aAntonio Mancini$9(OLS)http://semarc/title/223859 996 $6260$aRoma :$bDe Luca$9(OLS)http://semarc/publisher/33923 LEADER 00631nam a2200169 i 4500 001 000000242024 003 CaOOAMICUS 005 20150526000000.0 008 150526s1834 it u000 u fre u 013 $a220929 040 $aSeMil$bita 245 10$aMorceaux choisis. 300 $a420 p. 773 0 $aMassillon, Jean-Baptist $tOeuvres complètes de Massillon, évêque de Clermont.$dA Paris : Chez Gauthier frères et C., 1834.$g13$w()31928 850 $aSeMil 852 $aSeMil$W1$xVenegono$y1$m3F II 18 FA$j192370$B192370$CSeMilBibl$Z2$F203197 $8I 996 $6245$aMorceaux choisis$9(OLS)http://semarc/title/304396